| 000 | 00450nam a2200193Ia 4500 | ||
|---|---|---|---|
| 003 | 0100 | ||
| 008 | 130227s9999 xx 000 0 und d | ||
| 040 | _cARRUPELIB | ||
| 050 | _aBR145.2.T19 | ||
| 100 | _aLudlow, Morwenna | ||
| 245 | 4 | _aThe early church | |
| 260 | _aLondon | ||
| 260 | _bI.B. Tauris | ||
| 260 | _C2009 | ||
| 300 | _a282p. | ||
| 300 | _b 23 cm | ||
| 440 | _aThe I.B. Tauris history of the christian church | ||
| 942 |
_2lcc _01 |
||
| 999 |
_c4200 _d4200 |
||